FIDIC Quick Reference Guide: Silver Book (Record no. 13970)

000 -LEADER
fixed length control field 00412nam a2200157Ia 4500
003 - CONTROL NUMBER IDENTIFIER
control field OSt
005 - DATE AND TIME OF LATEST TRANSACTION
control field 20260210174549.0
008 - FIXED-LENGTH DATA ELEMENTS--GENERAL INFORMATION
fixed length control field 260210s9999 xx 000 0 und d
020 ## - INTERNATIONAL STANDARD BOOK NUMBER
International Standard Book Number 9780727760388
082 ## - DEWEY DECIMAL CLASSIFICATION NUMBER
Classification number 346.42024
100 ## - MAIN ENTRY--PERSONAL NAME
Personal name Brian Barr
245 #0 - TITLE STATEMENT
Title FIDIC Quick Reference Guide: Silver Book
260 ## - PUBLICATION, DISTRIBUTION, ETC. (IMPRINT)
Name of publisher, distributor, etc ICE Publishing (Emerald Publishing Limited)
Date of publication, distribution, etc 2014
700 ## - ADDED ENTRY--PERSONAL NAME
Personal name Leo Grutters
942 ## - ADDED ENTRY ELEMENTS (KOHA)
Item type R&D Books
Source of classification or shelving scheme
Holdings
Withdrawn status Lost status Source of classification or shelving scheme Damaged status Koha normalized classification for sorting Not for loan Permanent location Current location Shelving location Date acquired Full call number Barcode Date last seen Price effective from Koha item type
        346_420240000000000   BMS College of Architecture, Design and Planning BMS College of Architecture, Design and Planning General Stacks 2025-12-17 346.42024 AR-RD296 2026-02-10 2026-02-10 R&D Books
Copyright © 2025, The Librarian, Library and Information Centre, BMSCA D&P, Bengaluru. All Rights Reserved
web counter

Powered by Koha